Statistics for Name Puzzle: US Cities

Click here to take the quiz!

General Stats

  • This quiz has been taken 42 times
  • The average score is 15 of 15

Answer Stats

WordsAnswer% Correct
Boss+TonBoston
100%
She+Cage+OChicago
100%
House+TonHouston
100%
Less+Angel+SLos Angeles
100%
Mini+A+Pole+IsMinneapolis
100%
Knee+Ew+Your+KNew York City
100%
Cleat+LandCleveland
97%
Knee+Ew+Or+LeanNew Orleans
97%
Fill+E+Dal+Fee+APhiladelphia
97%
Fee+NicksPhoenix
97%
Sale+T+Lay+KSalt Lake City
97%
Sand+E+Age+OSan Diego
97%
Sea+A+TellSeattle
97%
St+Loud+ESt. Louis
97%
D+Try+OutDetroit
94%

Score Distribution

Percentile by Number Answered

Percent of People with Each Score

Your Score History

You have not taken this quiz